000 00598 a2200193 4500
999 _c182914
_d182914
005 20211209153726.0
010 _aENG-130259
020 _c225.00
_a978-93-90907-01-4
035 _aEN-113791
037 _bDBAD / PUB
082 _aN
100 _aChaudhuri, Amitava
245 _aActs Of Sanctification:
_cAmitava Chaudhuri
250 _a2021
260 _aNew Delhi
_bLiFi Publication Pvt. Ltd.
_c2021
270 _a211, 2nd Floor, Gagandeep, 12 Rajendra Place
_bNew Delhi
_e110008
_k011 25741000
_minfo@lifipublications.com
300 _a138p.
_c20cm (pbk)
942 _adpl
_cEN
_2ddc
_hN
_mCHA